Truyện ngắn Quỳnh Dao Tập 2
Uloženo v:
| Hlavní autor: | |
|---|---|
| Médium: | Kniha |
| Jazyk: | Vietnamese |
| Vydáno: |
T.P. Hồ Chí Minh
Phương Đông
2011
|
| Témata: | |
| Tagy: |
Přidat tag
Žádné tagy, Buďte první, kdo otaguje tento záznam!
|
| Thư viện lưu trữ: | Trung tâm Học liệu Lê Vũ Hùng, Trường Đại học Đồng Tháp |
|---|
| LEADER | 00890aam a22003498a 4500 | ||
|---|---|---|---|
| 001 | 00034468 | ||
| 005 | 20171026081025.0 | ||
| 008 | 160915s2011 ||||||viesd | ||
| 020 | # | # | |c 48000 |
| 041 | 0 | # | |a vie |
| 082 | 1 | 4 | |a 895.1 |b TR527NG |
| 100 | 1 | # | |a Quỳnh, Dao |
| 245 | 1 | 0 | |a Truyện ngắn Quỳnh Dao |c Quỳnh Dao; Liêu Quốc Nhĩ (dịch) |n Tập 2 |
| 260 | # | # | |a T.P. Hồ Chí Minh |b Phương Đông |c 2011 |
| 300 | # | # | |a 356 tr. |c 19 cm. |
| 653 | # | # | |a Truyện ngắn |
| 653 | # | # | |a Tác phẩm |
| 653 | # | # | |a Văn học |
| 653 | # | # | |a Trung Quốc |
| 852 | # | # | |b Kho đọc |j KD.0017462 |
| 852 | # | # | |j KD.0017462 |
| 910 | |d 15/09/2016 | ||
| 980 | # | # | |a Trung tâm Học liệu Lê Vũ Hùng, Trường Đại học Đồng Tháp |